Pure Fire Type Pokémon - Statistics

General Stats
  • This quiz has been taken 73 times
    29 since last reset
  • The average score is 35 of 38
Answer Stats
Region Number Answer % Correct
Kanto 0004 Charmander
100%
0005 Charmeleon
100%
Johto 0155 Cyndaquil
100%
0136 Flareon
100%
0240 Magby
100%
0126 Magmar
100%
0038 Ninetales
100%
0077 Ponyta
100%
0156 Quilava
100%
0078 Rapidash
100%
0037 Vulpix
100%
0059 Arcanine
95%
0058 Growlithe
95%
0244 Entei
90%
Paldea 0909 Fuecoco
90%
0467 Magmortar
90%
0218 Slugma
90%
Unova 0498 Tepig
90%
Hoenn 0255 Torchic
90%
0157 Typhlosion
90%
0654 Braixen
86%
0935 Charcadet
86%
Sinnoh 0390 Chimchar
86%
0815 Cinderace
86%
0910 Crocalor
86%
0555 Darmanitan (Standard Mode)
86%
0554 Darumaka
86%
Kalos 0653 Fennekin
86%
0815 Gigantamax Cinderace
86%
0631 Heatmor
86%
Alola 0725 Litten
86%
0513 Pansear
86%
0814 Raboot
86%
Galar 0813 Scorbunny
86%
0514 Simisear
86%
0324 Torkoal
86%
0726 Torracat
86%
0351 Castform (Sunny Form)
81%
No matching quizzes found
Score Distribution
Percent of People with Each Score
Percentile by Number Answered
Your Score History
You have not taken this quiz since the last reset